Interpretácia Európskeho kultúrneho dedičstva prostredníctvom atraktivít v cestovnom ruchu diplomová práca

Saved in:
Bibliographic Details
Main Author: Karpáčová, Bibiána
Corporate Author: Obchodná fakulta EU. Katedra služieb a cestovného ruchu - zrušené
Other Authors: Litomerický, Juraj
Format: Book
Language:Slovak
Published: Bratislava 2019
Tags: Add Tag
No Tags, Be the first to tag this record!

MARC

LEADER 00000nbm a2200000 4500
001 0254099
005 20191029091826.4
041 0 |a slo 
044 |a SK 
245 1 0 |a Interpretácia Európskeho kultúrneho dedičstva prostredníctvom atraktivít v cestovnom ruchu  |b diplomová práca  |c Bibiána Karpáčová ; školiteľ: Juraj Litomerický 
264 1 |a Bratislava  |c 2019 
300 |a 67 s. 
100 1 |a Karpáčová, Bibiána 
700 1 |a Litomerický, Juraj 
710 2 |a Obchodná fakulta EU. Katedra služieb a cestovného ruchu - zrušené